[Event "BL 1112 SF Katernberg - SG Turm Trier"]
[Site "Mülheim"]
[Date "2011.10.15"]
[Round "2.3"]
[White "Bobras, Piotr"]
[Black "Chuchelov, Vladimir"]
[Result "0-1"]
[WhiteElo "2544"]
[BlackElo "2538"]
[PlyCount "70"]
[EventDate "2011.10.14"]

1. e4 e5 2. Nf3 Nc6 3. Bb5 a6 4. Ba4 Nge7 5. c3 g6 6. d4 exd4 7. cxd4 b5 8. Bb3
Bg7 9. Nc3 Na5 10. Be3 d6 11. Qd2 f5 12. d5 Nxb3 13. axb3 b4 14. Ne2 fxe4 15.
Nfd4 O-O 16. O-O Qe8 17. Ra5 Qf7 18. Nc2 c5 19. dxc6 Nxc6 20. Rd5 Be5 21. Bh6
Re8 22. Ne3 Be6 23. Rxd6 Qc7 24. Rd5 Bxd5 25. Qxd5+ Kh8 26. g3 Rad8 27. Qc4 Nd4
28. Nxd4 Qxc4 29. Nxc4 Bxd4 30. Ra1 Re6 31. Ra4 Bc5 32. Ra5 Be7 33. h4 Kg8 34.
Ne3 Rd3 35. Nd5 Bd8 0-1

[Event "BL 1112 SF Katernberg - SG Turm Trier"]
[Site "Mülheim"]
[Date "2011.10.15"]
[Round "2.4"]
[White "Firman, Nazar"]
[Black "Cyborowski, Lukasz"]
[Result "1-0"]
[WhiteElo "2517"]
[BlackElo "2543"]
[PlyCount "77"]
[EventDate "2011.10.14"]

1. e4 e5 2. Nf3 Nf6 3. Nxe5 d6 4. Nc4 Nxe4 5. d4 d5 6. Ne3 c6 7. Bd3 Be7 8. Nd2
Nd6 9. c3 Nd7 10. Nf3 Nf6 11. Ne5 Be6 12. O-O Qc8 13. Re1 O-O 14. Qc2 Re8 15.
f3 c5 16. Qf2 cxd4 17. cxd4 Qd8 18. b3 a5 19. Bb2 a4 20. bxa4 Rxa4 21. Bc2 Ra8
22. Bb3 Nf5 23. Nxf5 Bxf5 24. Re3 Bd7 25. Rae1 Bb4 26. Bc3 Bxc3 27. Rxc3 Ba4
28. Rb1 Nd7 29. Bxa4 Rxa4 30. Rxb7 Nxe5 31. dxe5 Qa8 32. Qb6 Rc4 33. Rxc4 dxc4
34. e6 Rc8 35. exf7+ Kh8 36. Qa7 Qxa7+ 37. Rxa7 g5 38. Re7 Rf8 39. Re8 1-0

[Event "BL 1112 SF Katernberg - SG Turm Trier"]
[Site "Mülheim"]
[Date "2011.10.15"]
[Round "2.5"]
[White "Gonda, Laszlo"]
[Black "Siebrecht, Sebastian"]
[Result "1/2-1/2"]
[WhiteElo "2520"]
[BlackElo "2471"]
[PlyCount "73"]
[EventDate "2011.10.14"]

1. Nf3 c5 2. c4 Nf6 3. Nc3 b6 4. e3 g6 5. d4 Bg7 6. Be2 O-O 7. O-O d6 8. b3 Bb7
9. Bb2 cxd4 10. Nxd4 Nbd7 11. Bf3 Bxf3 12. Qxf3 Ne5 13. Qe2 Qd7 14. Nd5 Qb7 15.
f4 Nxd5 16. cxd5 Nd7 17. e4 Rfe8 18. Rac1 b5 19. Nc6 Qb6+ 20. Kh1 Bxb2 21. Qxb2
Nc5 22. Qc2 Nb7 23. f5 Nd8 24. Qd2 Nxc6 25. Rxc6 Qb7 26. Qf4 Rec8 27. Rfc1 Rxc6
28. Rxc6 Rc8 29. Qc1 Rb8 30. h3 b4 31. Kh2 Qb5 32. Qd2 a5 33. Rc7 Rb7 34. Rc8+
Kg7 35. Qd4+ f6 36. Rc4 a4 37. h4 1/2-1/2

[Event "BL 1112 SF Katernberg - SG Turm Trier"]
[Site "Mülheim"]
[Date "2011.10.15"]
[Round "2.6"]
[White "Zaragatski, Ilja"]
[Black "Gordon, Stephen"]
[Result "1/2-1/2"]
[WhiteElo "2474"]
[BlackElo "2535"]
[PlyCount "89"]
[EventDate "2011.10.14"]

1. Nf3 c5 2. g3 Nc6 3. Bg2 g6 4. c4 Bg7 5. Nc3 b6 6. d3 Bb7 7. O-O Nh6 8. e4
O-O 9. Nh4 e6 10. f4 f5 11. Kh1 Rb8 12. Nf3 Nf7 13. Be3 Bxc3 14. bxc3 Na5 15.
Nd2 Nd6 16. exf5 Bxg2+ 17. Kxg2 exf5 18. Qf3 Qf6 19. Qd5+ Qe6 20. Qxe6+ dxe6
21. Kf2 Rbd8 22. Nf3 Nf7 23. Rad1 Rd7 24. Rd2 Rfd8 25. Rfd1 Kg7 26. h3 h5 27.
Ke2 Re8 28. Kf2 Rde7 29. Re2 Rd7 30. Red2 Nc6 31. Re2 Red8 32. Red2 e5 33. Ke2
Re8 34. fxe5 Ncxe5 35. Nxe5 Rxe5 36. Kf2 Rde7 37. Bf4 R5e6 38. h4 g5 39. hxg5
Kg6 40. a4 Nxg5 41. a5 Nh3+ 42. Kf3 Ng5+ 43. Kf2 Nh3+ 44. Kf3 Ng5+ 45. Kf2
1/2-1/2

[Event "BL 1112 SF Katernberg - SG Turm Trier"]
[Site "Mülheim"]
[Date "2011.10.15"]
[Round "2.7"]
[White "Jaracz, Pawel"]
[Black "Kotainy, Jens"]
[Result "1-0"]
[WhiteElo "2558"]
[BlackElo "2406"]
[PlyCount "117"]
[EventDate "2011.10.14"]

1. Nf3 e6 2. c4 Nf6 3. d4 Bb4+ 4. Bd2 a5 5. Nc3 d6 6. Qc2 Nc6 7. a3 Bxc3 8.
Bxc3 Qe7 9. e4 e5 10. d5 Nb8 11. c5 Nbd7 12. cxd6 cxd6 13. Nd2 O-O 14. Bb5 Nc5
15. b4 axb4 16. axb4 Rxa1+ 17. Bxa1 Na6 18. Bc3 Qc7 19. O-O Nxb4 20. Qb3 Na6
21. Bxa6 bxa6 22. Qa3 Bb7 23. Bb4 Rc8 24. Bxd6 Qc2 25. Qb4 Ba8 26. Bxe5 Nd7 27.
Ba1 Nc5 28. Qd4 f6 29. e5 Qd3 30. Rc1 Rb8 31. exf6 Qxd4 32. Bxd4 Nd3 33. Rc7
gxf6 34. d6 Rd8 35. Bxf6 Rxd6 36. Rc8+ Kf7 37. Rxa8 Rxf6 38. Ne4 Rb6 39. h4 h6
40. Kh2 Ke6 41. Rd8 Ne5 42. f3 a5 43. h5 Nc4 44. Nc5+ Ke7 45. Rd7+ Ke8 46. Rd4
Nd6 47. g4 Ke7 48. Ne4 Nb7 49. Rc4 Ke6 50. Kg3 Kd5 51. Rc8 Kd4 52. Kf4 a4 53.
Ra8 Rb4 54. g5 hxg5+ 55. Kxg5 Rb1 56. Rxa4+ Ke5 57. f4+ Ke6 58. Kg6 Rg1+ 59.
Ng5+ 1-0

[Event "BL 1112 SF Katernberg - SG Turm Trier"]
[Site "Mülheim"]
[Date "2011.10.15"]
[Round "2.8"]
[White "Ris, Robert"]
[Black "Sanikidze, Tornike"]
[Result "1/2-1/2"]
[WhiteElo "2403"]
[BlackElo "2530"]
[PlyCount "40"]
[EventDate "2011.10.14"]

1. d4 Nf6 2. c4 e6 3. Nc3 Bb4 4. Qc2 O-O 5. a3 Bxc3+ 6. Qxc3 b6 7. Bg5 Bb7 8.
e3 d6 9. Ne2 Nbd7 10. Qc2 Re8 11. Nc3 Nf8 12. Be2 h6 13. Bh4 Ng6 14. Bg3 e5 15.
d5 c6 16. dxc6 Bxc6 17. O-O Qe7 18. Rad1 Red8 19. Rd2 Qb7 20. f3 d5 1/2-1/2

[Event "BL 1112 Hamburger SK - Werder Bremen"]
[Site "Mülheim"]
[Date "2011.10.15"]
[Round "2.3"]
[White "Nyback, Tomi"]
[Black "Hansen, Sune Berg"]
[Result "1/2-1/2"]
[WhiteElo "2627"]
[BlackElo "2566"]
[PlyCount "41"]
[EventDate "2011.10.14"]

1. d4 d5 2. c4 c6 3. Nf3 Nf6 4. Qc2 g6 5. Bf4 Bg7 6. e3 O-O 7. Nc3 c5 8. dxc5
Qa5 9. Rd1 dxc4 10. Bxc4 Qxc5 11. Qe2 Bg4 12. O-O Nc6 13. h3 Bxf3 14. gxf3 Rac8
15. Bh2 Qg5+ 16. Kh1 Qh5 17. Kg2 Qg5+ 18. Kh1 Qh4 19. Kg2 Qg5+ 20. Kh1 Qh4 21.
Kg2 1/2-1/2

[Event "BL 1112 Hamburger SK - Werder Bremen"]
[Site "Mülheim"]
[Date "2011.10.15"]
[Round "2.4"]
[White "Ftacnik, Lubomir Dr"]
[Black "Hammer, Jon Ludwig"]
[Result "1/2-1/2"]
[WhiteElo "2570"]
[BlackElo "2601"]
[PlyCount "67"]
[EventDate "2011.10.14"]

1. c4 e5 2. Nc3 Nf6 3. Nf3 Nc6 4. e3 Bb4 5. Qc2 O-O 6. Nd5 Re8 7. a3 Bf8 8. Bd3
g6 9. Nxf6+ Qxf6 10. Be4 d6 11. b4 Ne7 12. Bb2 Bf5 13. O-O Qe6 14. Bxf5 Qxf5
15. e4 Qd7 16. d4 exd4 17. Nxd4 Bg7 18. Rad1 Nc6 19. f3 Nxd4 20. Bxd4 f5 21.
Bxg7 Kxg7 22. exf5 Qxf5 23. Qxf5 gxf5 24. c5 dxc5 25. Rd7+ Kg6 26. Rxc7 cxb4
27. axb4 Rad8 28. Rxb7 Re2 29. Rxa7 Rdd2 30. Kh1 Rxg2 31. Rg1 Rxg1+ 32. Kxg1
Rb2 33. Rb7 Kg5 34. Rxh7 1/2-1/2

[Event "BL 1112 Hamburger SK - Werder Bremen"]
[Site "Mülheim"]
[Date "2011.10.15"]
[Round "2.5"]
[White "Hracek, Zbynek"]
[Black "Heinemann, Thies"]
[Result "1-0"]
[WhiteElo "2624"]
[BlackElo "2469"]
[PlyCount "95"]
[EventDate "2011.10.14"]

1. d4 Nf6 2. c4 e6 3. Nc3 Bb4 4. Qc2 Nc6 5. Nf3 d6 6. Bd2 O-O 7. a3 Bxc3 8.
Bxc3 Qe7 9. e3 a5 10. Nd2 e5 11. d5 Nb8 12. Bd3 c6 13. dxc6 Nxc6 14. O-O h6 15.
Ne4 Nxe4 16. Bxe4 Be6 17. Qd3 Qc7 18. Rfd1 Rfd8 19. f4 f6 20. Bd5 Bxd5 21.
Qxd5+ Kh8 22. Rd3 a4 23. Rad1 Qe7 24. f5 Qe8 25. g4 Kh7 26. Kf2 Rd7 27. Qe6 Re7
28. Qxd6 Rd8 29. Qc5 Rxd3 30. Rxd3 e4 31. Rd5 Qb8 32. Qd6 Qc8 33. h4 Qe8 34.
Kg3 Kg8 35. Qf4 Rf7 36. Rd6 Re7 37. Rd5 Rf7 38. Kf2 Re7 39. Ke1 Qc8 40. Qd6 Qe8
41. Kd2 Qc8 42. Kc2 Rc7 43. Kb1 Ne7 44. Rd4 h5 45. Ba5 Rxc4 46. Qxe7 Kh7 47.
Rd1 hxg4 48. Qf7 1-0

[Event "BL 1112 Hamburger SK - Werder Bremen"]
[Site "Mülheim"]
[Date "2011.10.15"]
[Round "2.6"]
[White "Reeh, Oliver"]
[Black "Edouard, Romain"]
[Result "0-1"]
[WhiteElo "2453"]
[BlackElo "2608"]
[PlyCount "82"]
[EventDate "2011.10.14"]

1. e4 c5 2. Nf3 d6 3. d4 cxd4 4. Nxd4 Nf6 5. Nc3 Nc6 6. Bc4 Qb6 7. Nde2 e6 8.
O-O a6 9. Bb3 Be7 10. Bg5 Qc7 11. Ng3 h6 12. Bxf6 Bxf6 13. Nh5 Be5 14. f4 Bd4+
15. Kh1 g6 16. Ne2 Bxb2 17. Rb1 gxh5 18. Rxb2 Bd7 19. Rf3 O-O-O 20. Rc3 d5 21.
exd5 exd5 22. Nd4 Rhe8 23. Rb1 Re4 24. Bxd5 Rxd4 25. Qxd4 Nxd4 26. Bxb7+ Kb8
27. Bxa6+ Nb5 28. Rxc7 Kxc7 29. h3 Nd4 30. c3 Ne6 31. Rb7+ Kd6 32. Bc4 Nxf4 33.
Bxf7 Bc6 34. Rb4 Ke5 35. Rb2 Rf8 36. Bc4 Nxg2 37. Re2+ Ne3+ 38. Kh2 Ke4 39. Kg3
Rf3+ 40. Kh4 Kf4 41. Be6 Rg3 0-1

[Event "BL 1112 Hamburger SK - Werder Bremen"]
[Site "Mülheim"]
[Date "2011.10.15"]
[Round "2.7"]
[White "Babula, Vlastimil"]
[Black "Sebastian, Dirk"]
[Result "1-0"]
[WhiteElo "2572"]
[BlackElo "2446"]
[PlyCount "69"]
[EventDate "2011.10.14"]

1. d4 g6 2. c4 Bg7 3. e4 Nc6 4. Nf3 d6 5. d5 Ne5 6. Nxe5 Bxe5 7. Bd3 Bg7 8. O-O
Nf6 9. Nc3 O-O 10. h3 c6 11. Bg5 h6 12. Be3 cxd5 13. exd5 e6 14. Qd2 Kh7 15.
dxe6 Bxe6 16. Rad1 a6 17. b3 Qe7 18. Rfe1 Rfe8 19. Bf4 Qf8 20. Bxd6 Qh8 21. Qc2
Rad8 22. c5 Nd7 23. Ne2 Be5 24. Nf4 Bxf4 25. Bxf4 Qf6 26. Bd6 Rc8 27. b4 a5 28.
a3 axb4 29. axb4 Ra8 30. Bc4 Ra3 31. Qe4 Qc3 32. Bf1 Rb3 33. Qxb7 Rxb4 34. Qc7
Rbb8 35. Rxe6 1-0

[Event "BL 1112 Hamburger SK - Werder Bremen"]
[Site "Mülheim"]
[Date "2011.10.15"]
[Round "2.8"]
[White "Meissner, Felix"]
[Black "Skripchenko, Almira"]
[Result "1/2-1/2"]
[WhiteElo "2291"]
[BlackElo "2470"]
[PlyCount "52"]
[EventDate "2011.10.14"]

1. e4 g6 2. d4 Bg7 3. Nc3 d6 4. f4 Nf6 5. Nf3 O-O 6. Bd3 Na6 7. O-O c5 8. d5
Bg4 9. h3 Bxf3 10. Qxf3 Nc7 11. Bd2 Rb8 12. a4 a6 13. a5 b5 14. axb6 Rxb6 15.
b3 Nd7 16. Rae1 Qc8 17. Qg3 Nb5 18. Na4 Rb8 19. e5 Nd4 20. Bc3 dxe5 21. fxe5
Qc7 22. d6 exd6 23. Bxd4 cxd4 24. exd6 Qa5 25. Nb2 Be5 26. Qg4 Nb6 1/2-1/2

[Event "BL 1112 Schachfr. Berlin - Turm Emsdett"]
[Site "Mülheim"]
[Date "2011.10.15"]
[Round "2.4"]
[White "Maksimenko, Andrei"]
[Black "Swiercz, Dariusz"]
[Result "1/2-1/2"]
[WhiteElo "2553"]
[BlackElo "2585"]
[PlyCount "62"]
[EventDate "2011.10.14"]

1. Nf3 Nf6 2. c4 e6 3. d4 d5 4. Nc3 Bb4 5. cxd5 exd5 6. Bg5 h6 7. Bh4 c5 8.
dxc5 Nbd7 9. Rc1 Qa5 10. Qd4 O-O 11. a3 Bxc5 12. Qd2 Bb6 13. e3 Ne4 14. Nxe4
dxe4 15. Qxa5 Bxa5+ 16. Nd2 Bxd2+ 17. Kxd2 Ne5 18. Bg3 Rd8+ 19. Kc2 Nd3 20.
Bxd3 Rxd3 21. Rhd1 Rxd1 22. Rxd1 Be6 23. Be5 Rc8+ 24. Bc3 f6 25. Rd4 Kf7 26.
Kd2 Rc4 27. Rd8 Rc8 28. Rd6 Rc7 29. Rd4 Rc4 30. Rd8 Rc8 31. Rxc8 Bxc8 1/2-1/2

[Event "BL 1112 Schachfr. Berlin - Turm Emsdett"]
[Site "Mülheim"]
[Date "2011.10.15"]
[Round "2.5"]
[White "Grandelius, Nils"]
[Black "Lauber, Arnd"]
[Result "1-0"]
[WhiteElo "2536"]
[BlackElo "2464"]
[PlyCount "65"]
[EventDate "2011.10.14"]

1. e4 c6 2. Ne2 d5 3. e5 c5 4. c3 Nc6 5. d4 cxd4 6. cxd4 Bf5 7. Nbc3 e6 8. Ng3
Bg6 9. Be3 Nge7 10. Bd3 Bxd3 11. Qxd3 Nc8 12. O-O Be7 13. f4 g6 14. f5 Nb6 15.
fxe6 fxe6 16. b3 Qd7 17. a4 a6 18. a5 Nc8 19. Bh6 Bb4 20. Bg5 Bxc3 21. Qxc3
N8e7 22. Ne2 h5 23. Rf6 Rf8 24. Raf1 Rxf6 25. Rxf6 O-O-O 26. Nf4 Nf5 27. Nxe6
Re8 28. Nc5 Nfxd4 29. Rxc6+ Qxc6 30. Qxd4 Kb8 31. e6 Ka8 32. e7 Qd6 33. Na4 1-0

[Event "BL 1112 Schachfr. Berlin - Turm Emsdett"]
[Site "Mülheim"]
[Date "2011.10.15"]
[Round "2.7"]
[White "Janssen, Ruud"]
[Black "Polzin, Rainer"]
[Result "1-0"]
[WhiteElo "2498"]
[BlackElo "2469"]
[PlyCount "145"]
[EventDate "2011.10.14"]

1. d4 Nf6 2. c4 g6 3. Nc3 Bg7 4. e4 d6 5. h3 O-O 6. Bg5 Na6 7. Bd3 e5 8. d5 Qe8
9. Nge2 Nd7 10. f3 f5 11. a3 Nac5 12. b4 fxe4 13. Bxe4 Nxe4 14. Nxe4 Nf6 15.
O-O Bf5 16. N2c3 Bxe4 17. fxe4 Nh5 18. Rxf8+ Bxf8 19. Qg4 a6 20. Rf1 Ng7 21.
Bh6 Qc8 22. Qf3 Qd7 23. Qf6 Re8 24. a4 Qe7 25. Qf2 Nh5 26. Bxf8 Rxf8 27. Qxf8+
Qxf8 28. Rxf8+ Kxf8 29. a5 Ke7 30. Na2 Nf4 31. Nc1 Kd7 32. h4 h6 33. Kf2 Nh5
34. Kf3 Nf6 35. Nd3 h5 36. c5 Kc8 37. Ke3 Ng4+ 38. Kf3 Nf6 39. g3 Ng4 40. Nb2
Nf6 41. Nc4 Kd7 42. Ne3 Kd8 43. g4 dxc5 44. bxc5 Nd7 45. Nc4 c6 46. g5 Ke7 47.
Ke3 Kf8 48. Kf3 Ke7 49. Ke3 Kf8 50. Ke2 Ke7 51. Kf3 Kf8 52. Ke3 Kg7 53. Ke2 Kf8
54. Kd1 Kg7 55. Kc2 Nxc5 56. Nxe5 Nxe4 57. dxc6 bxc6 58. Nxc6 Nd6 59. Kd3 Nf5
60. Nb4 Nxh4 61. Nxa6 Nf5 62. Nb4 Nd6 63. a6 Nc8 64. Nc6 Nb6 65. Ke4 Na8 66.
Ne5 Nc7 67. a7 Kh7 68. Nf3 Kg7 69. Ne5 Kh7 70. Ke3 Kg7 71. Kd3 Na8 72. Kd4 h4
73. Ke4 1-0

[Event "BL 1112 Schachfr. Berlin - Turm Emsdett"]
[Site "Mülheim"]
[Date "2011.10.15"]
[Round "2.8"]
[White "Thiede, Lars"]
[Black "Pruijssers, Roeland"]
[Result "1/2-1/2"]
[WhiteElo "2458"]
[BlackElo "2475"]
[PlyCount "137"]
[EventDate "2011.10.14"]

1. c4 f5 2. Nf3 Nf6 3. g3 g6 4. Bg2 Bg7 5. O-O O-O 6. Nc3 d6 7. Rb1 a5 8. a3
Nh5 9. b4 e5 10. d4 e4 11. Ne1 axb4 12. axb4 Be6 13. d5 Bxc3 14. dxe6 Qe7 15.
Qc2 Bxe1 16. Rxe1 Qxe6 17. g4 Nf6 18. g5 Ng4 19. Bb2 Ne5 20. f4 Nxc4 21. Ba1
Kf7 22. e3 Nd7 23. Qc3 Ke7 24. Bf1 b5 25. Rbc1 Ndb6 26. Qc2 Ra3 27. Bd4 Rc8 28.
Ra1 Rca8 29. Rxa3 Rxa3 30. Qc1 Rb3 31. Bxb6 cxb6 32. Qa1 Rxb4 33. Qh8 Nd2 34.
Rc1 Nc4 35. Qxh7+ Qf7 36. Qh8 Ra4 37. Qc8 Qe6 38. Qh8 d5 39. h4 Ra7 40. Bxc4
bxc4 41. Qg7+ Qf7 42. Qe5+ Kd7 43. Qb8 Kc6 44. Qc8+ Rc7 45. Qa8+ Kd6 46. Rb1
Rb7 47. Qd8+ Kc6 48. Qc8+ Kd6 49. Qd8+ Qd7 50. Qf6+ Qe6 51. Qd8+ Qd7 52. Qf6+
Qe6 53. Qd8+ Kc6 54. Kf2 Rc7 55. Qb8 Rb7 56. Qd8 b5 57. Ra1 Kc5 58. Ra8 Qd7 59.
Qf6 d4 60. Rd8 dxe3+ 61. Ke2 Qc7 62. Qd4+ Kb4 63. Qb2+ Kc5 64. Qd4+ Kb4 65. Rd5
Qxf4 66. Qb2+ Ka4 67. Qa2+ Kb4 68. Qb2+ Ka4 69. Qa2+ 1/2-1/2

[Event "BL 1112 Solinger SG - SC Eppingen"]
[Site "Mülheim"]
[Date "2011.10.15"]
[Round "2.1"]
[White "Harikrishna, Pentala"]
[Black "Ragger, Markus"]
[Result "*"]
[WhiteElo "2672"]
[BlackElo "2655"]
[PlyCount "88"]
[EventDate "2011.10.14"]

1. d4 d5 2. c4 c6 3. Nf3 Nf6 4. Nc3 dxc4 5. a4 Bf5 6. Ne5 Nbd7 7. Nxc4 Qc7 8.
g3 e5 9. dxe5 Nxe5 10. Bf4 Nfd7 11. Bg2 g5 12. Ne3 gxf4 13. Nxf5 O-O-O 14. Qc2
Kb8 15. gxf4 Nc4 16. e3 Nc5 17. Rd1 Rxd1+ 18. Nxd1 Qa5+ 19. Nc3 Nxb2 20. O-O
Ncd3 21. Be4 Rg8+ 22. Ng3 Bg7 23. Bxd3 Qxc3 24. Bxh7 Qxc2 25. Bxc2 b5 26. axb5
cxb5 27. Ra1 Na4 28. Ra3 Nc3 29. Kf1 Kb7 30. e4 Kb6 31. Nf5 b4 32. Ra1 Bf8 33.
Ne3 Bh6 34. Nc4+ Kb5 35. Nd6+ Kc5 36. Nxf7 Bxf4 37. Rxa7 Bxh2 38. Ra5+ Kc4 39.
Rg5 Rxg5 40. Nxg5 b3 41. Bxb3+ Kxb3 42. Kg2 Bf4 43. Ne6 Nxe4 44. Nxf4 Nxf2 *

[Event "BL 1112 Solinger SG - SC Eppingen"]
[Site "Mülheim"]
[Date "2011.10.15"]
[Round "2.3"]
[White "Bologan, Victor"]
[Black "Smeets, Jan"]
[Result "0-1"]
[WhiteElo "2657"]
[BlackElo "2619"]
[PlyCount "162"]
[EventDate "2011.10.14"]

1. e4 e5 2. Nf3 Nf6 3. d4 Nxe4 4. Bd3 d5 5. Nxe5 Nd7 6. O-O Nxe5 7. dxe5 Be7 8.
Bxe4 dxe4 9. Qxd8+ Bxd8 10. Nc3 Bf5 11. Re1 Be7 12. Nxe4 O-O-O 13. Ng5 Rhf8 14.
c3 h6 15. Nf3 c5 16. h3 b6 17. a3 Kb7 18. Bf4 Kc6 19. Nd2 g5 20. Be3 h5 21. f4
g4 22. hxg4 Bxg4 23. Ne4 Rg8 24. Rf1 Kd5 25. Ng5 Bxg5 26. fxg5 Rd7 27. Rae1 Re8
28. Bf4 Kc4 29. Rf2 Kb3 30. Kh2 Bf5 31. Ree2 Bg6 32. Rd2 Red8 33. Rd6 Bc2 34.
Rf6 Kxb2 35. e6 fxe6 36. g6 Kb3 37. Bh6 Rg8 38. Rf7 Rxg6 39. Rxd7 Rxh6 40. Rxa7
e5 41. a4 Bd3 42. a5 bxa5 43. Rxa5 Rc6 44. Rf3 e4 45. Rh3 Kxc3 46. Rxh5 c4 47.
g4 Kd2 48. Ra2+ Ke3 49. g5 c3 50. Rh6 Rc8 51. Rh3+ Kf4 52. Ra1 c2 53. g6 c1=Q
54. Rxc1 Rxc1 55. g7 Bc4 56. Rh8 Rc2+ 57. Kg1 Rc1+ 58. Kh2 Rc2+ 59. Kg1 Kg3 60.
g8=Q+ Bxg8 61. Rxg8+ Kf3 62. Rf8+ Ke2 63. Ra8 Rc7 64. Ra2+ Kf3 65. Rf2+ Ke3 66.
Ra2 Rd7 67. Ra3+ Ke2 68. Ra2+ Kf3 69. Rf2+ Ke3 70. Rf8 Ke2 71. Rf2+ Ke3 72. Rf8
Ra7 73. Re8 Kf3 74. Rf8+ Ke2 75. Rf2+ Kd3 76. Rf8 e3 77. Kg2 Kd2 78. Kf3 e2 79.
Rd8+ Ke1 80. Rh8 Ra3+ 81. Kg2 Kd2 0-1

[Event "BL 1112 Solinger SG - SC Eppingen"]
[Site "Mülheim"]
[Date "2011.10.15"]
[Round "2.4"]
[White "Stellwagen, Daniel"]
[Black "Gyimesi, Zoltan"]
[Result "1/2-1/2"]
[WhiteElo "2625"]
[BlackElo "2646"]
[PlyCount "67"]
[EventDate "2011.10.14"]

1. d4 Nf6 2. c4 e6 3. Nf3 d5 4. Nc3 c5 5. cxd5 Nxd5 6. e4 Nxc3 7. bxc3 cxd4 8.
cxd4 Bb4+ 9. Bd2 Bxd2+ 10. Qxd2 O-O 11. Bc4 Nd7 12. O-O b6 13. a4 Bb7 14. Rfe1
Rc8 15. Bd3 Qe7 16. a5 h6 17. axb6 axb6 18. Ra7 Rc7 19. Qf4 Qd8 20. Qd6 Qb8 21.
Bb5 Rfc8 22. Bxd7 Qxa7 23. d5 exd5 24. e5 Rc6 25. Qe7 Qb8 26. e6 fxe6 27. Bxe6+
Kh8 28. Bxc8 Qxc8 29. h4 Rc1 30. Rxc1 Qxc1+ 31. Kh2 Qf4+ 32. Kg1 Qc1+ 33. Kh2
Qf4+ 34. Kg1 1/2-1/2

[Event "BL 1112 Solinger SG - SC Eppingen"]
[Site "Mülheim"]
[Date "2011.10.15"]
[Round "2.5"]
[White "Postny, Evgeny"]
[Black "L'Ami, Erwin"]
[Result "1/2-1/2"]
[WhiteElo "2622"]
[BlackElo "2592"]
[PlyCount "61"]
[EventDate "2011.10.14"]

1. d4 Nf6 2. c4 e6 3. Nf3 b6 4. Nc3 Bb4 5. e3 Bb7 6. Bd3 Ne4 7. O-O Bxc3 8.
bxc3 Nxc3 9. Qc2 Bxf3 10. gxf3 Qg5+ 11. Kh1 Qh5 12. Rg1 Qxf3+ 13. Rg2 f5 14.
Bb2 Ne4 15. Rf1 Nc6 16. Be2 Qh3 17. f3 Nf6 18. d5 Ne7 19. Rxg7 Qh6 20. Rfg1 Rf8
21. dxe6 dxe6 22. c5 Rf7 23. cxb6 Rxg7 24. Rxg7 axb6 25. Bb5+ Kf8 26. Rxe7 Kxe7
27. Qxc7+ Kf8 28. Qd6+ Kf7 29. Qc7+ Kf8 30. Qd6+ Kf7 31. Qc7+ 1/2-1/2

[Event "BL 1112 Solinger SG - SC Eppingen"]
[Site "Mülheim"]
[Date "2011.10.15"]
[Round "2.7"]
[White "Braun, Arik"]
[Black "Naumann, Alexander"]
[Result "1/2-1/2"]
[WhiteElo "2560"]
[BlackElo "2546"]
[PlyCount "42"]
[EventDate "2011.10.14"]

1. d4 Nf6 2. c4 g6 3. Nc3 d5 4. Nf3 Bg7 5. Qb3 dxc4 6. Qxc4 O-O 7. e4 Nc6 8.
Be2 Bg4 9. Be3 Bxf3 10. gxf3 e5 11. dxe5 Nxe5 12. Qb5 Nh5 13. Rd1 Qh4 14. Qxb7
Rab8 15. Qxc7 Rxb2 16. Nd5 h6 17. Rd2 Rb1+ 18. Rd1 Rb2 19. Rd2 Rb1+ 20. Rd1 Rb2
21. Rd2 Rb1+ 1/2-1/2

[Event "BL 1112 Solinger SG - SC Eppingen"]
[Site "Mülheim"]
[Date "2011.10.15"]
[Round "2.8"]
[White "Hoffmann, Michael"]
[Black "Ruck, Robert"]
[Result "1/2-1/2"]
[WhiteElo "2496"]
[BlackElo "2579"]
[PlyCount "65"]
[EventDate "2011.10.14"]

1. d4 Nf6 2. c4 g6 3. Nc3 d5 4. Nf3 Bg7 5. Qb3 dxc4 6. Qxc4 O-O 7. e4 a6 8. e5
b5 9. Qb3 Nfd7 10. Be2 c5 11. e6 fxe6 12. Qxe6+ Kh8 13. dxc5 Ne5 14. Qd5 Qxd5
15. Nxd5 Nxf3+ 16. Bxf3 Bb7 17. Nc7 Bxf3 18. gxf3 Ra7 19. Ne6 Rxf3 20. Ke2 Rf6
21. Nxg7 Kxg7 22. Rd1 Nc6 23. a4 bxa4 24. Rxa4 a5 25. Bd2 Rf5 26. Be3 Rb7 27.
Rd2 Rh5 28. h4 Kf7 29. Rf4+ Ke8 30. Re4 Kf7 31. Rf4+ Ke8 32. Re4 Kf7 33. Rf4+
1/2-1/2

[Event "BL 1112 SC Remagen - SV Hockenheim"]
[Site "Mülheim"]
[Date "2011.10.15"]
[Round "2.1"]
[White "Buhmann, Rainer"]
[Black "Gharamian, Tigran"]
[Result "1-0"]
[WhiteElo "2606"]
[BlackElo "2676"]
[PlyCount "57"]
[EventDate "2011.10.14"]

1. Nf3 d5 2. d4 Nf6 3. c4 e6 4. g3 dxc4 5. Bg2 a6 6. O-O b5 7. Ne5 c6 8. b3
cxb3 9. Nxc6 Qb6 10. Na5 Ra7 11. Nxb3 Rd7 12. a4 bxa4 13. Nc5 Bxc5 14. dxc5
Qxc5 15. Qxa4 Nd5 16. Ba3 Qb5 17. Qd4 Nf6 18. Qc3 Bb7 19. Nd2 Qxe2 20. Bxb7
Qxd2 21. Qc8+ Rd8 22. Qc5 Qd7 23. Bf3 Rc8 24. Qg5 Qd3 25. Bb7 Rc3 26. Qxg7 Rg8
27. Qxf6 Rxa3 28. Rad1 Nd7 29. Rxd3 1-0

[Event "BL 1112 SC Remagen - SV Hockenheim"]
[Site "Mülheim"]
[Date "2011.10.15"]
[Round "2.2"]
[White "Fedorchuk, Sergey"]
[Black "Lenic, Luka"]
[Result "1/2-1/2"]
[WhiteElo "2635"]
[BlackElo "2641"]
[PlyCount "79"]
[EventDate "2011.10.14"]

1. e4 c6 2. d4 d5 3. Nd2 dxe4 4. Nxe4 Bf5 5. Ng3 Bg6 6. N1e2 e6 7. Nf4 Qc7 8.
c3 Nf6 9. h4 Bd6 10. Qf3 Nbd7 11. h5 Bc2 12. h6 gxh6 13. Bd3 Bxd3 14. Nxd3 Bxg3
15. fxg3 Rg8 16. Bf4 Qa5 17. Rxh6 O-O-O 18. a4 Rg6 19. Rxg6 hxg6 20. Be5 Nd5
21. Bd6 f5 22. Ne5 N7f6 23. Nc4 Qa6 24. Qe2 Ne4 25. Be5 Rd7 26. Nd2 Qxe2+ 27.
Kxe2 Nxd2 28. Kxd2 Rh7 29. g4 Nb6 30. Kd3 Nd7 31. Bd6 Nf6 32. gxf5 exf5 33. b4
Kd7 34. Bb8 a6 35. c4 Ne4 36. Rb1 Rh4 37. b5 axb5 38. cxb5 Rh8 39. Be5 Ra8 40.
bxc6+ 1/2-1/2

[Event "BL 1112 SC Remagen - SV Hockenheim"]
[Site "Mülheim"]
[Date "2011.10.15"]
[Round "2.3"]
[White "Baramidze, David"]
[Black "Jones, Gawain C B"]
[Result "1/2-1/2"]
[WhiteElo "2591"]
[BlackElo "2624"]
[PlyCount "77"]
[EventDate "2011.10.14"]

1. d4 Nf6 2. c4 g6 3. Nc3 Bg7 4. Nf3 d6 5. g3 O-O 6. Bg2 Nc6 7. O-O Rb8 8. b3
a6 9. d5 Na5 10. Nd4 c5 11. dxc6 bxc6 12. Rb1 Bd7 13. Bb2 Qc8 14. Qd2 Bh3 15.
Rfd1 c5 16. Nc2 Bxg2 17. Kxg2 Nc6 18. Ne3 Ng4 19. Ncd5 Bxb2 20. Rxb2 Nxe3+ 21.
Qxe3 Qe6 22. Qf4 Rb7 23. Rd3 Qe5 24. Qxe5 Nxe5 25. Rdd2 Rfb8 26. Rbc2 Nc6 27.
Rc1 Nb4 28. Nc3 f6 29. f4 Kf7 30. Kf3 Nc6 31. e3 h5 32. h3 Rg8 33. Rh1 Rbb8 34.
Ne4 Rh8 35. Rhd1 Rbd8 36. Rh1 Kg7 37. Rdh2 Nb4 38. Rd1 Nc6 39. Rhd2 1/2-1/2

[Event "BL 1112 SC Remagen - SV Hockenheim"]
[Site "Mülheim"]
[Date "2011.10.15"]
[Round "2.5"]
[White "Miroshnichenko, Evgenij"]
[Black "Dgebuadze, Alexandre"]
[Result "1-0"]
[WhiteElo "2624"]
[BlackElo "2544"]
[PlyCount "133"]
[EventDate "2011.10.14"]

1. d4 e6 2. Nf3 Nf6 3. c4 Bb4+ 4. Nbd2 b6 5. a3 Bxd2+ 6. Qxd2 Bb7 7. e3 d6 8.
Be2 Ne4 9. Qc2 Nd7 10. O-O f5 11. b4 O-O 12. d5 e5 13. Nd2 Nxd2 14. Bxd2 Qe7
15. f3 a5 16. Bd3 Qf7 17. Bc3 axb4 18. axb4 b5 19. cxb5 Bxd5 20. Rxa8 Bxa8 21.
Bb2 Nb6 22. Rc1 e4 23. fxe4 fxe4 24. Rf1 Qe7 25. Bc4+ Bd5 26. Rxf8+ Kxf8 27.
Be2 Qf7 28. Bd4 Nc4 29. h3 h6 30. Qc1 Kg8 31. Qe1 Qe7 32. Bxc4 Bxc4 33. b6 cxb6
34. Bxb6 Qd7 35. Bd4 Kh7 36. Qh4 d5 37. Qf4 Bd3 38. Qe5 Bc4 39. Kh2 Bd3 40. Kh1
Bc4 41. Kg1 Kg8 42. Qb8+ Kh7 43. Qf8 Bd3 44. Kf2 Bc4 45. Ke1 Kg6 46. g4 Qf7 47.
Bxg7 Qf3 48. Qxf3 exf3 49. Be5 h5 50. gxh5+ Kxh5 51. Bg3 Bb5 52. Kd2 Bd7 53. h4
Kg4 54. Be1 Be8 55. Kd3 Kh3 56. e4 dxe4+ 57. Kxe4 Kg4 58. Ke3 Bb5 59. Kd4 Kf5
60. Kc5 Be8 61. b5 Ke6 62. b6 Kd7 63. Kb5 Kd8+ 64. Ka6 Bc6 65. b7 Bxb7+ 66.
Kxb7 Kd7 67. Bg3 1-0